000 00637nam a2200241Ia 4500
003 OSt
005 20220918191204.0
006 a|||||r|||| 00| 0
007 ta
008 220917b |||||||| |||| 00| 0 eng d
024 _a61,901
037 _cTextual
040 _aARTS
_cARTS
_beng
041 _2eng
_aeng
082 _aQ6:355.N, H8
100 _aVon Hilderand Dietrich
_975217
245 0 _aTransformation in Christ
260 _aFranciscan
_bHerald press
_c1948
300 _aix,406p.
_ccm.
650 _aRELIGION
942 _hQ6:355.N, H8
_cTEXL
_2CC
999 _c188668
_d188668